003540000a22001090004500090001700000245009700017041001400114100002600128942001300154773006000167999001700227 aASbSeriadas10aRecherches sur les ochnacées: VI. Sauvagesia paucielata sastre una especie nueva de Panama0 aEspañol1 aSastre, Claude999193 cARTICULO1 tMutisia: Acta Botánica Colombiana3893h35q1-4d1971 c15312d15312